The future of information services / (Record no. 804)
| 000 -LEADER | |
|---|---|
| fixed length control field | 00919pam a2200253 a 4500 |
| 001 - CONTROL NUMBER | |
| control field | 4923280 |
| 003 - CONTROL NUMBER IDENTIFIER | |
| control field | OSt |
| 005 - DATE AND TIME OF LATEST TRANSACTION | |
| control field | 20140116120838.0 |
| 008 - FIXED-LENGTH DATA ELEMENTS--GENERAL INFORMATION | |
| fixed length control field | 950125s1995 nyua b 000 0 eng |
| 020 ## - INTERNATIONAL STANDARD BOOK NUMBER | |
| International Standard Book Number | 9781560247388 |
| 050 00 - LIBRARY OF CONGRESS CALL NUMBER | |
| Classification number | Z678.9.A4F88 1995 |
| 245 04 - TITLE STATEMENT | |
| Title | The future of information services / |
| Statement of responsibility, etc | Virginia Steel, C. Brigid Welch, editors. |
| 260 ## - PUBLICATION, DISTRIBUTION, ETC. (IMPRINT) | |
| Place of publication, distribution, etc | New York : |
| Name of publisher, distributor, etc | Haworth Press, |
| Date of publication, distribution, etc | 1995. |
| 300 ## - PHYSICAL DESCRIPTION | |
| Extent | 196 p. : |
| Other physical details | ill. |
| 500 ## - GENERAL NOTE | |
| General note | "Has also been published as Journal of library administration, volume 20, numbers 3/4 1995"--T.p. verso. |
| 504 ## - BIBLIOGRAPHY, ETC. NOTE | |
| Bibliography, etc | Includes bibliographical references. |
| 650 #0 - SUBJECT ADDED ENTRY--TOPICAL TERM | |
| Topical term or geographic name as entry element | Libraries |
| Geographic subdivision | United States |
| General subdivision | Data processing. |
| 650 #0 - SUBJECT ADDED ENTRY--TOPICAL TERM | |
| Topical term or geographic name as entry element | Library information networks |
| Geographic subdivision | United States. |
| 650 #0 - SUBJECT ADDED ENTRY--TOPICAL TERM | |
| Topical term or geographic name as entry element | Information networks |
| Geographic subdivision | United States. |
| 650 #0 - SUBJECT ADDED ENTRY--TOPICAL TERM | |
| Topical term or geographic name as entry element | Information services |
| Geographic subdivision | United States |
| General subdivision | Data processing. |
| 700 1# - ADDED ENTRY--PERSONAL NAME | |
| Personal name | Steel, Virginia. |
| 700 1# - ADDED ENTRY--PERSONAL NAME | |
| Personal name | Welch, C. Brigid. |
| 942 ## - ADDED ENTRY ELEMENTS (KOHA) | |
| Source of classification or shelving scheme | |
| Koha item type | Book |
| Withdrawn status | Lost status | Source of classification or shelving scheme | Damaged status | Not for loan | Home library | Current library | Date acquired | Source of acquisition | Total Checkouts | Total Renewals | Full call number | Barcode | Date last seen | Date checked out | Copy number | Price effective from | Koha item type |
|---|---|---|---|---|---|---|---|---|---|---|---|---|---|---|---|---|---|
| Riara University Library | Riara University Library | 10/11/2011 | Purchase | 1 | 1 | Z678.9.A4F88 1995 | 2992/11 | 13/04/2013 | 11/04/2013 | C.1 | 10/11/2011 | Book | |||||
| Riara University Library | Riara University Library | 29/03/2012 | Z678.9.A4F88 1995 | 3232/11 | 18/04/2017 | C.2 | 29/03/2012 | Book |
